000 00713nam a2200205Ii 4500
003 JO-AjNU
008 230605s9999||||xx |||||||||||||| ||und||
040 _aJO-AjNU
_bara
_erda
_cJO-AjNU
041 _aara
050 1 4 _aPJ7866.D3796.Z54 2013
100 3 _aبكار، يوسف,
_eauthor
_945421
245 0 0 _aالبدوي الملثم (يعقوب العودات) شذور إبداع وتأليف
250 _aط1
264 3 1 _aإربد: عالم الكتب الحديث للنشر والتوزيع، 2013
300 _a83ص
336 _atext
_btxt
_2rdacontent
337 _aunmediated
_bn
_2rdamedia
338 _avolume
_bnc
_2rdacarrier
650 4 _aالشعر العربي - نقد وتحليل
_945422
999 _aA19687
_c23255
_d23255